ভৌত রসায়ন পরীক্ষা / (Record no. 48688)
[ view plain ]
| 000 -LEADER | |
|---|---|
| fixed length control field | 00876nam a22002297a 4500 |
| 001 - CONTROL NUMBER | |
| control field | 48688 |
| 003 - CONTROL NUMBER IDENTIFIER | |
| rucl marc code | BD-RjUL |
| 005 - DATE AND TIME OF LATEST TRANSACTION | |
| control field | 20211209054552.0 |
| 008 - FIXED-LENGTH DATA ELEMENTS--GENERAL INFORMATION | |
| fixed length control field | 160816s2001 bg a|||| |||| 00| 0 ben d |
| 020 ## - INTERNATIONAL STANDARD BOOK NUMBER | |
| International Standard Book Number | 9840741950 |
| Terms of availability | : TK. 280.00 |
| 035 ## - SYSTEM CONTROL NUMBER | |
| System control number | (BD-RjUL)48807 |
| 040 ## - CATALOGING SOURCE | |
| Original cataloging agency | BD-RjUL |
| Language of cataloging | ben |
| Transcribing agency | BD-RjUL |
| Modifying agency | BD-RjUL |
| 041 ## - LANGUAGE CODE | |
| Language code of text/sound track or separate title | ben |
| 082 ## - DEWEY DECIMAL CLASSIFICATION NUMBER | |
| Edition number | 23 |
| Classification number | 541 |
| Author mark and year | PAV 2001 |
| 100 ## - MAIN ENTRY--PERSONAL NAME | |
| Personal name | পাল, সুভাস চন্দ্র |
| 9 (RLIN) | 137041 |
| 245 ## - TITLE STATEMENT | |
| Title | ভৌত রসায়ন পরীক্ষা / |
| Statement of responsibility, etc. | সুভাস চন্দ্র পাল |
| 260 ## - PUBLICATION, DISTRIBUTION, ETC. (IMPRINT) | |
| Place of publication, distribution, etc. | ঢাকা : |
| Name of publisher, distributor, etc. | বাংলা একাডেমী, |
| Date of publication, distribution, etc. | ২০০১, |
| 300 ## - PHYSICAL DESCRIPTION | |
| Pagination | [এগার], ৫৪৮ পৃ. : |
| Illustrations | চিএ ; |
| Size | ২৪ সেমি. |
| 650 ## - SUBJECT ADDED ENTRY--TOPICAL TERM | |
| Topical term or geographic name as entry element | রসায়ন |
| General subdivision | ভৌত ও তত্ত্বীয় |
| 9 (RLIN) | 146964 |
| Topical term or geographic name as entry element | Chemistry |
| General subdivision | Physical and theoretical |
| 9 (RLIN) | 146965 |
| 942 ## - ADDED ENTRY ELEMENTS (KOHA) | |
| Source of classification or shelving scheme | Dewey Decimal Classification |
| Koha item type | Books |
| Lost status | Source of classification or shelving scheme | Damaged status | Not for loan | Collection code | Permanent Location | Current Location | Shelving location | Date acquired | Source of acquisition | Cost, normal purchase price | Total Checkouts | Full call number | Date last seen | Copy number | Koha item type |
|---|---|---|---|---|---|---|---|---|---|---|---|---|---|---|---|
| Dewey Decimal Classification | Non-fiction | Central Library, University of Rajshahi | Central Library, University of Rajshahi | 23/08/2005 | Writer | 280.00 | B 541 PAV 2001 | 16/08/2016 | C-2 | Books | |||||
| Dewey Decimal Classification | Non-fiction | Central Library, University of Rajshahi | Central Library, University of Rajshahi | 23/08/2005 | Writer | 280.00 | B 541 PAV 2001 | 16/08/2016 | C-3 | Books | |||||
| Dewey Decimal Classification | Non-fiction | Central Library, University of Rajshahi | Central Library, University of Rajshahi | 23/08/2005 | Writer | 280.00 | B 541 PAV 2001 | 16/08/2016 | C-4 | Books | |||||
| Dewey Decimal Classification | Not For Loan | Non-fiction | Central Library, University of Rajshahi | Central Library, University of Rajshahi | Reading Room | 23/08/2005 | Lekhok, | 280.00 | B 541 PAV 2001 | 05/12/2016 | C-1 | Books | |||
| Dewey Decimal Classification | Non-fiction | Central Library, University of Rajshahi | Central Library, University of Rajshahi | 23/08/2005 | Author | 280.00 | B 541 PAV 2001 | 20/04/2017 | C-5 | Books |